Language Quiz

Random Language or Bands Quiz

German Metal Bands Quiz Stats

 Plays Quiz not verified by Sporcle

Challenge
Share
Tweet
Embed
Score 0/10 Timer 06:00
0 Plays Today
Hint % Correct
Lord of KreationKreator
80.6%
Type of arachnidScorpions
73.1%
Opposite of constructionDestruction
69.9%
Opposite of rejectAccept
64.5%
Similar to the October holidayHelloween
63.4%
Lot ran from here.Sodom
45.2%
Helen Keller with a gunBlind Guardian
40.9%
The Effects of _____ on Man-on-the-Moon MarigoldsGamma Ray
26.9%
Occupation of theft from deceased.Grave Digger
25.8%
Walking CalmlyRunning Wild
20.4%

You're not logged in!

Compare scores with friends on all Sporcle quizzes.
OR
Log In

You Might Also Like...

Show Comments

Extras

Top Quizzes Today


Score Distribution

Your Account Isn't Verified!

In order to create a playlist on Sporcle, you need to verify the email address you used during registration. Go to your Sporcle Settings to finish the process.

Report this User

Report this user for behavior that violates our Community Guidelines.

Details: